Researching visual arts education in museums and galleries : an international reader
Αποθηκεύτηκε σε:
| Άλλοι συγγραφείς: | , , |
|---|---|
| Μορφή: | Βιβλίο |
| Γλώσσα: | English |
| Δημοσίευση: |
Dordrecht :
Kluwer Academic Publishers,
2003.
|
| Σειρά: | Landscapes ;
; 2 |
| Θέματα: | |
| Ετικέτες: |
Προσθήκη ετικέτας
Δεν υπάρχουν, Καταχωρήστε ετικέτα πρώτοι!
|
MARC
| LEADER | 00000cam a2200000 i 4500 | ||
|---|---|---|---|
| 001 | 1/100845 | ||
| 008 | 090206s2003 eng d | ||
| 020 | |a 1-4020-1637-9 (pbk.) | ||
| 035 | |l 10103021 | ||
| 040 | |a GR-MY-UA |b gre |e aacr | ||
| 041 | 0 | |a eng | |
| 082 | 0 | |a 708 |2 (22) | |
| 245 | 1 | 0 | |a Researching visual arts education in museums and galleries : |b an international reader / |c edited by Maria Xanthoudaki, Les Tickle and Veronica Sekules. |
| 260 | |a Dordrecht : |b Kluwer Academic Publishers, |c 2003. | ||
| 300 | |a ix, 242 σ. : |b εικ., πίν. ; |c 24 εκ. | ||
| 490 | 1 | |a (Landscapes |v ; 2) | |
| 504 | |a Περιέχει βιβλιογραφικές παραπομπές και ευρετήριο. | ||
| 650 | 0 | 0 | |a Art museums |x Educational aspects. |
| 650 | 0 | 0 | |a Art museums |x Social aspects. |
| 650 | 0 | 0 | |a Visual education. |
| 700 | 1 | |a Ξανθουδάκη, Μαρία, |e edtf | |
| 700 | 1 | |a Tickle, Les, |e edt | |
| 700 | 1 | |a Sekules, Veronica, |e edtf | |
| 830 | 0 | |a Landscapes ; |v ; 2 | |
| 852 | |a INST |b LESVOS |e 20090206 |h 708 RES |p 005100044024 |q 005100044024 |t BK |y 0 | ||
| 901 | |a BIBL1-2009-1 | ||
| 909 | |a Λ |b 154037 | ||
| 922 | |a 1ΕΛΗ |b 200809 |c ΕΠΕΑΕΚ2/ΠΤΕ |d ΜΙΧΑΛΟΠΟΥΛΟΣ | ||
| 970 | |a ΓΙΑΛΑΜΑ |b ΜΑΡΙΑ |z 2009/02/06 | ||